[Event "Isolated Queens Internet op 2nd"]
[Site "Chess.com INT"]
[Date "2020.05.02"]
[Round "2"]
[White "Ashwini, Udhaya Suriyan"]
[Black "Perez Rodriguez, Jennifer"]
[Result "0-1"]
[WhiteElo "1696"]
[BlackElo "2251"]
[PlyCount "64"]
[EventDate "2020.05.02"]
[EventType "swiss"]
[EventRounds "10"]
[EventCountry "USA"]
[SourceTitle "CBM 195 Extra"]
[Source "ChessBase"]
[SourceDate "2020.05.31"]
[SourceVersion "1"]
[SourceVersionDate "2020.05.31"]
[SourceQuality "1"]

1. d4 Nf6 2. Bf4 c5 3. e3 e6 4. Nf3 Nc6 5. Bb5 cxd4 6. Nxd4 Qa5+ 7. Nc3 Nd5 8. Nde2 Bb4 9. 0-0 Bxc3 10. Bxc6 bxc6 11. Nxc3 Nxf4 12. exf4 Qb4 13. Qf3 0-0 14. Qg3 d5 15. a3 Qxb2 16. Rfb1 Qxc2 17. Rc1 Qf5 18. Na4 Ba6 19. Nc5 Bc4 20. Rxc4 dxc4 21. Nd7 Rfd8 22. Ne5 Rab8 23. h3 Rb1+ 24. Rxb1 Qxb1+ 25. Kh2 Qe4 26. Qf3 Qxf3 27. gxf3 c3 28. Nxc6 Rd1 29. Nb4 Rd2 30. Kg2 c2 31. Nxc2 Rxc2 32. a4 Ra2 0-1

[Event "IND-ch U17 Girls 25th"]
[Site "Bihar"]
[Date "2014.12.09"]
[Round "10"]
[White "Smaraki, Mohanty"]
[Black "Ashwini, Udhaya Suriyan"]
[Result "0-1"]
[WhiteElo "1726"]
[BlackElo "1894"]
[PlyCount "77"]
[EventDate "2014.12.02"]
[EventType "swiss"]
[EventRounds "11"]
[EventCountry "IND"]
[SourceTitle "EXT 2016"]
[Source "ChessBase"]
[SourceDate "2015.10.08"]
[SourceVersion "1"]
[SourceVersionDate "2015.10.08"]
[SourceQuality "1"]

1. d4 Nf6 2. c4 c5 3. d5 b5 4. cxb5 a6 5. bxa6 g6 6. Nc3 Bxa6 7. e4 Bxf1 8. Kxf1 d6 9. Nge2 Bg7 10. g3 0-0 11. Kg2 Nbd7 12. h3 Ra6 13. f4 Qa8 14. g4 e6 15. g5 Nh5 16. f5 exf5 17. exf5 f6 18. fxg6 hxg6 19. Rf1 Re8 20. Qc2 Ne5 21. Nf4 Nxf4+ 22. Bxf4 f5 23. Rad1 Rb6 24. b3 Rb4 25. a4 c4 26. Nb5 cxb3 27. Qd2 Qxa4 28. Nxd6 Nc4 29. Qxb4 Re2+ 30. Kf3 Qxb4 31. Kxe2 Nxd6 32. Bxd6 Qxd6 33. Kf3 b2 34. Rd3 Qb4 35. Rdd1 Qe4+ 36. Kf2 Bd4+ 37. Kg3 Qe3+ 38. Kg2 Qe2+ 39. Kg3 0-1

[Event "Commonwealth-ch"]
[Site "Glasgow"]
[Date "2014.07.07"]
[Round "8"]
[White "Mitchell, Martin"]
[Black "Ashwini, Udhaya Suriyan"]
[Result "1-0"]
[WhiteElo "2201"]
[BlackElo "1888"]
[PlyCount "74"]
[EventDate "2014.06.30"]
[EventType "swiss"]
[EventRounds "9"]
[EventCountry "SCO"]
[SourceTitle "CBM 161 Extra"]
[Source "ChessBase"]
[SourceDate "2014.08.29"]
[SourceVersion "1"]
[SourceVersionDate "2014.08.29"]
[SourceQuality "1"]

1. d4 Nf6 2. c4 c5 3. d5 b5 4. cxb5 a6 5. f3 axb5 6. e4 d6 7. Bxb5+ Bd7 8. Bc4 g6 9. Nc3 Bg7 10. f4 Bg4 11. Qd3 0-0 12. h3 Bc8 13. Nf3 Ba6 14. 0-0 Bxc4 15. Qxc4 Nfd7 16. Bd2 Nb6 17. Qb5 N8d7 18. a4 Rb8 19. Qe2 Qc7 20. Ra2 Rfc8 21. Rc1 Na8 22. Nb5 Qb6 23. e5 Nf8 24. Kh1 Nc7 25. Nxc7 Rxc7 26. a5 Qa7 27. Qc4 Rcb7 28. Bc3 Rb5 29. Nd2 Nd7 30. Qe4 f5 31. Qe2 Qb7 32. exd6 exd6 33. Qe6+ Kh8 34. Bxg7+ Kxg7 35. Qe7+ Kh8 36. Nc4 Nf8 37. Qxd6 Re8 1-0

[Event "IND-ch U15 Girls 30th"]
[Site "Kolkata"]
[Date "2013.08.14"]
[Round "11"]
[White "Sapale, Saloni"]
[Black "Ashwini, Udhaya Suriyan"]
[Result "1/2-1/2"]
[WhiteElo "1643"]
[BlackElo "1907"]
[PlyCount "107"]
[EventDate "2013.08.06"]
[EventType "swiss"]
[EventRounds "11"]
[EventCountry "IND"]
[SourceTitle "CBM 155 Extra"]
[Source "ChessBase"]
[SourceDate "2013.08.26"]
[SourceVersion "1"]
[SourceVersionDate "2013.08.26"]
[SourceQuality "1"]

1. d4 Nf6 2. Nf3 c5 3. e3 g6 4. c3 b6 5. Bd3 Bb7 6. Nbd2 d5 7. 0-0 Bg7 8. Re1 0-0 9. b3 Nbd7 10. Bb2 Qc7 11. c4 Rad8 12. Rc1 Qb8 13. Qe2 Rfe8 14. h3 e6 15. e4 dxe4 16. Nxe4 cxd4 17. Nxd4 e5 18. Nxf6+ Bxf6 19. Nb5 Nc5 20. Bb1 a6 21. Nc3 e4 22. Rcd1 Nd3 23. Bxd3 exd3 24. Qd2 Qd6 25. Na4 Re2 26. Qxe2 dxe2 27. Rxd6 Rxd6 28. Bxf6 Rxf6 29. Rxe2 Kg7 30. f3 Rd6 31. Kf2 h5 32. Ke1 Kf6 33. c5 bxc5 34. Nxc5 Bc6 35. Rd2 Rxd2 36. Kxd2 Bb5 37. Ke1 a5 38. f4 h4 39. Kf2 Kf5 40. Nb7 Kxf4 41. Nxa5 g5 42. a4 Bd3 43. Nb7 Bc2 44. Nc5 Ke5 45. b4 Kd5 46. a5 Kc6 47. a6 Kb6 48. g3 Bf5 49. g4 Bc8 50. Ne4 Kxa6 51. Nxg5 f5 52. Kf3 fxg4+ 53. hxg4 Bxg4+ 54. Kxg4 1/2-1/2

[Event "IND-ch U15 Girls 30th"]
[Site "Kolkata"]
[Date "2013.08.11"]
[Round "8"]
[White "Ashwini, Udhaya Suriyan"]
[Black "Bhagya, Jayesh"]
[Result "1/2-1/2"]
[WhiteElo "1907"]
[BlackElo "1702"]
[PlyCount "50"]
[EventDate "2013.08.06"]
[EventType "swiss"]
[EventRounds "11"]
[EventCountry "IND"]
[SourceTitle "CBM 155 Extra"]
[Source "ChessBase"]
[SourceDate "2013.08.26"]
[SourceVersion "1"]
[SourceVersionDate "2013.08.26"]
[SourceQuality "1"]

1. e4 e5 2. Nf3 Nc6 3. Bb5 a6 4. Ba4 Nf6 5. 0-0 Be7 6. Re1 b5 7. Bb3 d6 8. c3 0-0 9. d4 Bg4 10. d5 Na5 11. Bc2 Qc8 12. h3 Bd7 13. Nbd2 c6 14. dxc6 Qxc6 15. Nf1 Rac8 16. a4 b4 17. cxb4 Qxc2 18. Qxc2 Rxc2 19. bxa5 Rc4 20. N3d2 Rxa4 21. Rxa4 Bxa4 22. Nc4 Bb5 23. Nfd2 Rc8 24. b3 Nd7 25. Ba3 Rc6 1/2-1/2

[Event "Thrissur op (Women)"]
[Site "Thrissur"]
[Date "2013.07.28"]
[Round "5"]
[White "Pratyusha, Bodda"]
[Black "Ashwini, Udhaya Suriyan"]
[Result "1/2-1/2"]
[WhiteElo "2180"]
[BlackElo "1880"]
[PlyCount "99"]
[EventDate "2013.07.26"]
[EventType "swiss"]
[EventRounds "11"]
[EventCountry "IND"]
[SourceTitle "EXT 2014"]
[Source "ChessBase"]
[SourceDate "2013.11.20"]
[SourceVersion "1"]
[SourceVersionDate "2013.11.20"]
[SourceQuality "1"]

1. e4 e5 2. Nf3 Nc6 3. Bb5 a6 4. Ba4 Nf6 5. 0-0 b5 6. Bb3 Bc5 7. Nc3 0-0 8. d3 h6 9. Nd5 d6 10. c3 Nxd5 11. Bxd5 Bd7 12. d4 Bb6 13. Be3 Rb8 14. Qd2 Qf6 15. Rad1 Rfd8 16. Ne1 Ne7 17. Bb3 c5 18. f4 exd4 19. cxd4 c4 20. Bc2 Bg4 21. Nf3 d5 22. e5 Qc6 23. Rc1 Qe6 24. Nh4 Nf5 25. Bf2 Bxd4 26. Bxd4 Nxh4 27. Qf2 Nf5 28. Ba7 Rb7 29. h3 Be2 30. Rfe1 Bd3 31. g4 Bxc2 32. Rxc2 d4 33. gxf5 Qxf5 34. Bc5 d3 35. Rd2 Qxh3 36. Re3 Qf5 37. Qg2 Rbd7 38. Rg3 f6 39. Qh3 Qxf4 40. Be3 Qxe5 41. Bxh6 Qe1+ 42. Kh2 Re7 43. Rdg2 Qe5 44. Qg4 Rd4 45. Qh3 Re4 46. Bxg7 Rxg7 47. Qc8+ Kh7 48. Qh3+ Kg8 49. Qc8+ Kh7 50. Qh3+ 1/2-1/2

[Event "Commonwealth & RSA op"]
[Site "Port Elizabeth"]
[Date "2013.07.09"]
[Round "6"]
[White "Oatlhotse, Providence"]
[Black "Ashwini, Udhaya Suriyan"]
[Result "1/2-1/2"]
[WhiteElo "2204"]
[BlackElo "1880"]
[PlyCount "124"]
[EventDate "2013.07.06"]
[EventType "swiss"]
[EventRounds "11"]
[EventCountry "RSA"]
[SourceTitle "CBM 155 Extra"]
[Source "ChessBase"]
[SourceDate "2013.08.26"]
[SourceVersion "1"]
[SourceVersionDate "2013.08.26"]
[SourceQuality "1"]

1. d4 Nf6 2. c4 c5 3. d5 b5 4. Nf3 g6 5. cxb5 a6 6. b6 d6 7. e4 Bg7 8. Be2 Nbd7 9. Nc3 0-0 10. 0-0 Nxb6 11. a4 a5 12. Bb5 Ba6 13. Qe2 Bxb5 14. Nxb5 Ne8 15. Bg5 Nc7 16. Nc3 Nd7 17. Nd2 Re8 18. Ra3 Na6 19. Nc4 Ne5 20. Ne3 Nb4 21. Nb5 c4 22. f4 Ned3 23. Nxc4 Qc8 24. Rxd3 Qxc4 25. Rd2 Rac8 26. Qxc4 Rxc4 27. Re1 h6 28. Bh4 Kf8 29. b3 Bc3 30. Nxc3 Rxc3 31. e5 Nd3 32. Red1 Nxf4 33. e6 g5 34. Be1 Rxb3 35. g3 Ng6 36. Rd4 fxe6 37. dxe6 Ne5 38. Kg2 Rc8 39. Bxa5 Nf3 40. Rf1 Rc2+ 41. Bd2 g4 42. Rf2 h5 43. Bh6+ Kg8 44. Rxc2 Nxd4 45. Ra2 Nxe6 46. a5 Rb8 47. a6 Ra8 48. Be3 Nc5 49. Bxc5 dxc5 50. Ra5 Kf7 51. Kf2 e6 52. Rxc5 Rxa6 53. Rxh5 Ra3 54. Ke2 Kf6 55. Rh7 e5 56. Rh5 Ke6 57. Rh6+ Kf5 58. Rh4 Kg5 59. Rh8 Kf5 60. Rh4 Kg5 61. Kf2 Kf5 62. Ke2 Kg5 1/2-1/2

[Event "Commonwealth & RSA op"]
[Site "Port Elizabeth"]
[Date "2013.07.07"]
[Round "3"]
[White "Ashwini, Udhaya Suriyan"]
[Black "Pranav, Vijay"]
[Result "0-1"]
[WhiteElo "1880"]
[BlackElo "2214"]
[PlyCount "46"]
[EventDate "2013.07.06"]
[EventType "swiss"]
[EventRounds "11"]
[EventCountry "RSA"]
[SourceTitle "CBM 155 Extra"]
[Source "ChessBase"]
[SourceDate "2013.08.26"]
[SourceVersion "1"]
[SourceVersionDate "2013.08.26"]
[SourceQuality "1"]

1. e4 d5 2. exd5 Qxd5 3. Nc3 Qd6 4. d4 Nf6 5. Bc4 a6 6. a4 Bg4 7. f3 Bf5 8. Nge2 e6 9. Bf4 Qd7 10. Ng3 Bg6 11. h4 Bd6 12. Nce2 h6 13. h5 Bh7 14. c3 Nc6 15. b4 0-0 16. Qb3 Bxf4 17. Nxf4 Nxd4 18. cxd4 Qxd4 19. Nxe6 Qxa1+ 20. Kf2 Ng4+ 21. Ke2 Qe5+ 22. Kd2 Qxg3 23. Nxf8 Qxg2+ 0-1

[Event "Commonwealth-ch"]
[Site "Chennai"]
[Date "2012.11.24"]
[Round "3"]
[White "Abhishek, Kelkar"]
[Black "Ashwini, Udhaya Suriyan"]
[Result "1-0"]
[WhiteElo "2234"]
[BlackElo "1943"]
[PlyCount "53"]
[EventDate "2012.11.23"]
[EventType "swiss"]
[EventRounds "11"]
[EventCountry "IND"]
[SourceTitle "CBM 151 Extra"]
[Source "ChessBase"]
[SourceDate "2012.12.18"]
[SourceVersion "1"]
[SourceVersionDate "2012.12.18"]
[SourceQuality "1"]

1. d4 Nf6 2. Nf3 c5 3. d5 b5 4. Bg5 Ne4 5. Bf4 Bb7 6. a4 Qa5+ 7. Nbd2 Bxd5 8. axb5 Qb6 9. e3 Nxd2 10. Nxd2 Qb7 11. f3 d6 12. Nc4 Be6 13. Bd3 g6 14. 0-0 d5 15. Na5 Qb6 16. c4 Bg7 17. cxd5 Bxd5 18. Bxg6 e6 19. Be4 Bxe4 20. Nc4 Qd8 21. Nd6+ Ke7 22. fxe4 Nd7 23. Nxf7 Qb6 24. Bg5+ Bf6 25. Nxh8 Rxh8 26. Rxf6 Nxf6 27. e5 1-0

[Event "Runwal Memorial op U15 Girls 29th"]
[Site "Mumbai"]
[Date "2012.09.26"]
[Round "10"]
[White "Dharani, Sree R"]
[Black "Ashwini, Udhaya Suriyan"]
[Result "1/2-1/2"]
[WhiteElo "1634"]
[BlackElo "1926"]
[PlyCount "79"]
[EventDate "2012.09.18"]
[EventType "swiss"]
[EventRounds "11"]
[EventCountry "IND"]
[SourceTitle "EXT 2013"]
[Source "ChessBase"]
[SourceDate "2012.11.22"]
[SourceVersion "1"]
[SourceVersionDate "2012.11.22"]
[SourceQuality "1"]

1. e4 e5 2. Nf3 Nc6 3. Bc4 Bc5 4. c3 Nf6 5. d3 0-0 6. 0-0 d5 7. exd5 Nxd5 8. Nbd2 Nb6 9. Bb5 f6 10. Ne4 Be7 11. Bxc6 bxc6 12. Re1 Bg4 13. h3 Bf5 14. Qe2 c5 15. Be3 Qd5 16. c4 Qc6 17. Bd2 Rad8 18. Rad1 Rd7 19. b3 Rfd8 20. g4 Bg6 21. Bc1 Bxe4 22. dxe4 Rxd1 23. Rxd1 Rxd1+ 24. Qxd1 Qxe4 25. Be3 Qc6 26. Nd2 Nc8 27. Nb1 Qd6 28. Qc2 c6 29. Nc3 Qd7 30. Na4 h5 31. Qg6 hxg4 32. hxg4 Bf8 33. Nxc5 Bxc5 34. Bxc5 Ne7 35. Bxe7 Qxe7 36. Qf5 Qd6 37. Qc8+ Kh7 38. Qf5+ g6 39. Qf3 Kg7 40. Kg2 1/2-1/2

[Event "Runwal Memorial op U15 Girls 29th"]
[Site "Mumbai"]
[Date "2012.09.20"]
[Round "3"]
[White "Ashwini, Udhaya Suriyan"]
[Black "Meghna, CH."]
[Result "1-0"]
[WhiteElo "1926"]
[BlackElo "1779"]
[PlyCount "57"]
[EventDate "2012.09.18"]
[EventType "swiss"]
[EventRounds "11"]
[EventCountry "IND"]
[SourceTitle "EXT 2013"]
[Source "ChessBase"]
[SourceDate "2012.11.22"]
[SourceVersion "1"]
[SourceVersionDate "2012.11.22"]
[SourceQuality "1"]

1. e4 e6 2. d4 d5 3. Nd2 Be7 4. e5 c5 5. c3 Nc6 6. Qg4 Kf8 7. Nb3 f6 8. Nf3 cxd4 9. Nbxd4 Qd7 10. Nxc6 bxc6 11. Bd3 Qc7 12. Bf4 Qb6 13. Rb1 f5 14. Qg3 Ba6 15. Nd4 c5 16. Ne2 d4 17. cxd4 c4 18. Bc2 Bb4+ 19. Nc3 Qxd4 20. 0-0 Ne7 21. Rfd1 Qb6 22. a3 Bxc3 23. bxc3 Qc7 24. Rd6 Bc8 25. Qf3 Nd5 26. Rxd5 exd5 27. Qxd5 Rb8 28. Rxb8 Qxb8 29. e6 1-0

[Event "Runwal Memorial op U15 Girls 29th"]
[Site "Mumbai"]
[Date "2012.09.18"]
[Round "1"]
[White "Ashwini, Udhaya Suriyan"]
[Black "Deekshidha, PS."]
[Result "1-0"]
[WhiteElo "1926"]
[BlackElo "1530"]
[PlyCount "83"]
[EventDate "2012.09.18"]
[EventType "swiss"]
[EventRounds "11"]
[EventCountry "IND"]
[SourceTitle "EXT 2013"]
[Source "ChessBase"]
[SourceDate "2012.11.22"]
[SourceVersion "1"]
[SourceVersionDate "2012.11.22"]
[SourceQuality "1"]

1. e4 e5 2. Nf3 Nc6 3. Bb5 a6 4. Ba4 Nf6 5. 0-0 Nxe4 6. d4 b5 7. Bb3 d5 8. dxe5 Be6 9. Qe2 Be7 10. Rd1 0-0 11. c4 bxc4 12. Bxc4 Bc5 13. Be3 Bxe3 14. Qxe3 Re8 15. Nc3 Nxc3 16. bxc3 Ne7 17. Qc5 c6 18. h3 Qc7 19. Bb3 Ng6 20. Bxd5 Nxe5 21. Be4 Nxf3+ 22. Bxf3 Rac8 23. Rd6 Bd5 24. Bg4 Rcd8 25. Rxd8 Qxd8 26. c4 Qf6 27. Rc1 Be4 28. Qe3 Re5 29. Re1 Qg6 30. Qf4 f6 31. f3 Bd3 32. Be6+ Rxe6 33. Rxe6 h5 34. Rxc6 Qe8 35. Rd6 Qe1+ 36. Kh2 Bb1 37. Rb6 h4 38. Qb8+ Kh7 39. Rxb1 Qe6 40. Qf4 g5 41. Qe4+ Qxe4 42. fxe4 1-0

[Event "Asia-ch U14 Girls"]
[Site "Hikkaduwa"]
[Date "2012.06.27"]
[Round "4.4"]
[White "Alijanzadeh, Mohadeseh"]
[Black "Ashwini, Udhaya Suriyan"]
[Result "0-1"]
[WhiteElo "1749"]
[BlackElo "1922"]
[PlyCount "76"]
[EventDate "2012.06.26"]
[EventType "swiss"]
[EventRounds "9"]
[EventCountry "SRI"]
[SourceTitle "EXT 2024"]
[Source "ChessBase"]
[SourceDate "2023.10.10"]
[SourceVersion "1"]
[SourceVersionDate "2023.10.10"]
[SourceQuality "1"]

1. e4 e5 2. Bc4 Nf6 3. d3 d5 4. exd5 Nxd5 5. Qe2 Nc6 6. Nf3 f6 7. d4 Bg4 8. c3 Qd7 9. Qe4 Bxf3 10. Qxf3 0-0-0 11. Bxd5 Qxd5 12. Qxd5 Rxd5 13. dxe5 Rxe5+ 14. Be3 Bc5 15. Nd2 Bxe3 16. fxe3 Rxe3+ 17. Kf2 Rhe8 18. Rae1 Rxe1 19. Rxe1 Rxe1 20. Kxe1 Ne5 21. Ke2 Kd7 22. h3 f5 23. Ke3 g5 24. Kd4 Ke6 25. Nb3 b6 26. Nd2 c5+ 27. Ke3 Kd5 28. g3 Nc4+ 29. Nxc4 Kxc4 30. b3+ Kxc3 31. h4 h6 32. hxg5 hxg5 33. Kf3 b5 34. Ke3 f4+ 35. gxf4 gxf4+ 36. Kxf4 Kb2 37. a4 bxa4 38. bxa4 c4 0-1

[Event "Asia-ch U14 Girls"]
[Site "Hikkaduwa"]
[Date "2012.06.26"]
[Round "2.6"]
[White "Shiny, Das"]
[Black "Ashwini, Udhaya Suriyan"]
[Result "1-0"]
[WhiteElo "1767"]
[BlackElo "1922"]
[PlyCount "57"]
[EventDate "2012.06.26"]
[EventType "swiss"]
[EventRounds "9"]
[EventCountry "SRI"]
[SourceTitle "EXT 2024"]
[Source "ChessBase"]
[SourceDate "2023.10.10"]
[SourceVersion "1"]
[SourceVersionDate "2023.10.10"]
[SourceQuality "1"]

1. e4 e5 2. Nf3 Nc6 3. Bc4 Bc5 4. c3 Nf6 5. d4 exd4 6. e5 d5 7. Bb5 Ne4 8. cxd4 Bb6 9. Nc3 0-0 10. 0-0 Bg4 11. Bxc6 bxc6 12. Be3 f6 13. Ne2 c5 14. exf6 Rxf6 15. dxc5 Bxc5 16. Nfd4 Bxe2 17. Qxe2 Rg6 18. f3 Nd6 19. Nb3 Bxe3+ 20. Qxe3 Nc4 21. Qd4 Qg5 22. Rf2 Ne3 23. f4 Qe7 24. Re2 Re8 25. Rae1 Re6 26. Nc5 Nc2 27. Rxe6 Qxe6 28. Rxe6 Rxe6 29. Qxd5 1-0

[Event "IND-chT (Women) 32nd"]
[Site "Panaji"]
[Date "2012.03.02"]
[Round "5"]
[White "Ashwini, Udhaya Suriyan"]
[Black "Bhakti, Kulkarni"]
[Result "1/2-1/2"]
[WhiteElo "1800"]
[BlackElo "2258"]
[PlyCount "138"]
[EventDate "2012.02.27"]
[EventType "team-swiss"]
[EventRounds "7"]
[EventCountry "IND"]
[SourceTitle "CBM 147 Extra"]
[Source "ChessBase"]
[SourceDate "2012.04.24"]
[SourceVersion "1"]
[SourceVersionDate "2012.04.24"]
[SourceQuality "1"]
[WhiteTeam "Chess Gurukul (W)"]
[BlackTeam "Air India (W)"]
[WhiteTeamCountry "IND"]
[BlackTeamCountry "IND"]

1. e4 d5 2. exd5 Nf6 3. Nc3 Nxd5 4. Nxd5 Qxd5 5. d4 Nc6 6. Nf3 Bg4 7. Be2 e6 8. 0-0 Be7 9. Bf4 0-0-0 10. c3 Rhe8 11. Re1 Bd6 12. Bxd6 Qxd6 13. Qa4 Qd5 14. Rad1 Kb8 15. Ne5 Bxe2 16. Nxc6+ Qxc6 17. Qxc6 bxc6 18. Rxe2 Rd5 19. f4 c5 20. Red2 Red8 21. Kf2 cxd4 22. Rxd4 Rxd4 23. cxd4 Rd6 24. a3 a5 25. b4 axb4 26. axb4 Rb6 27. Rb1 Rc6 28. Rb2 Kb7 29. b5 Rc3 30. g4 Kb6 31. h4 Rh3 32. Rb1 f5 33. g5 g6 34. Rc1 Rxh4 35. Kg3 Rg4+ 36. Kf3 Kxb5 37. Rxc7 Rh4 38. Rc5+ Kb6 39. Re5 Kc6 40. Rxe6+ Kd5 41. Re1 Rh3+ 42. Kg2 Rd3 43. Re7 Rxd4 44. Kg3 Rd3+ 45. Kg2 Ra3 46. Rxh7 Ke4 47. Rg7 Ra2+ 48. Kg3 Ra3+ 49. Kg2 Kxf4 50. Rxg6 Ra2+ 51. Kf1 Kf3 52. Ke1 f4 53. Rf6 Re2+ 54. Kf1 Rf2+ 55. Ke1 Re2+ 56. Kf1 Rh2 57. Ke1 Rh1+ 58. Kd2 Rg1 59. g6 Rg5 60. Ke1 Kg3 61. Kf1 f3 62. g7 Rxg7 63. Rf8 Rg5 64. Rf7 Rg4 65. Rf8 Rc4 66. Rg8+ Kf4 67. Rf8+ Ke3 68. Re8+ Re4 69. Rxe4+ Kxe4 1/2-1/2

[Event "IND-chB (Women) 38th"]
[Site "Chennai"]
[Date "2011.07.10"]
[Round "11"]
[White "Sunyasakta, Satpathy"]
[Black "Ashwini, Udhaya Suriyan"]
[Result "1/2-1/2"]
[WhiteElo "1928"]
[BlackElo "1788"]
[PlyCount "46"]
[EventDate "2011.07.02"]
[EventType "swiss"]
[EventRounds "11"]
[EventCountry "IND"]
[SourceTitle "CBM 143 Extra"]
[Source "ChessBase"]
[SourceDate "2011.08.29"]
[SourceVersion "1"]
[SourceVersionDate "2011.08.29"]
[SourceQuality "1"]

1. e4 e5 2. Nf3 Nc6 3. d4 exd4 4. Nxd4 Nf6 5. Nxc6 bxc6 6. e5 Qe7 7. Qe2 Nd5 8. c4 Ba6 9. b3 g6 10. f4 f6 11. Ba3 Qf7 12. Qd2 Bxa3 13. cxd5 Bxf1 14. Nxa3 Bb5 15. Nxb5 cxb5 16. e6 dxe6 17. Qe2 e5 18. fxe5 fxe5 19. Qxe5+ Qe7 20. Qxe7+ Kxe7 21. 0-0-0 Kd6 22. Rhf1 Rhf8 23. g3 Rae8 1/2-1/2

[Event "IND-chB (Women) 38th"]
[Site "Chennai"]
[Date "2011.07.07"]
[Round "8"]
[White "Ashwini, Udhaya Suriyan"]
[Black "Preethi, Rajkumar"]
[Result "0-1"]
[WhiteElo "1788"]
[BlackElo "2065"]
[PlyCount "54"]
[EventDate "2011.07.02"]
[EventType "swiss"]
[EventRounds "11"]
[EventCountry "IND"]
[SourceTitle "CBM 143 Extra"]
[Source "ChessBase"]
[SourceDate "2011.08.29"]
[SourceVersion "1"]
[SourceVersionDate "2011.08.29"]
[SourceQuality "1"]

1. e4 c5 2. c3 Nf6 3. e5 Nd5 4. d4 cxd4 5. cxd4 e6 6. Nf3 Nc6 7. Bc4 Nb6 8. Bb3 d6 9. 0-0 dxe5 10. dxe5 Qxd1 11. Rxd1 Be7 12. Nc3 0-0 13. Bf4 Na5 14. Bc2 Bd7 15. Be4 Bc6 16. Bxc6 Nxc6 17. Nd4 Nb4 18. Ndb5 a6 19. Nd4 Rfd8 20. Rac1 h6 21. h3 Rac8 22. Bg3 Nc4 23. Nc2 Nd3 24. Rb1 Ncxb2 25. Rxd3 Nxd3 26. Rxb7 Rxc3 27. Rxe7 Rxc2 0-1

[Event "IND-chB (Women) 38th"]
[Site "Chennai"]
[Date "2011.07.03"]
[Round "2"]
[White "Ashwini, Udhaya Suriyan"]
[Black "Visalatchi, R."]
[Result "1/2-1/2"]
[WhiteElo "1788"]
[BlackElo "1941"]
[PlyCount "67"]
[EventDate "2011.07.02"]
[EventType "swiss"]
[EventRounds "11"]
[EventCountry "IND"]
[SourceTitle "CBM 143 Extra"]
[Source "ChessBase"]
[SourceDate "2011.08.29"]
[SourceVersion "1"]
[SourceVersionDate "2011.08.29"]
[SourceQuality "1"]

1. e4 c5 2. c3 Nc6 3. d4 cxd4 4. cxd4 d6 5. Nc3 Nf6 6. h3 g6 7. Nf3 Bg7 8. Bd3 0-0 9. 0-0 Rb8 10. Be3 b6 11. Qc1 Nb4 12. Bc4 Bb7 13. a3 Na6 14. e5 Ne8 15. e6 f5 16. d5 Rc8 17. Ba2 Nf6 18. Qd1 Nc5 19. Bc4 Nxe6 20. Qe2 Nc7 21. Rad1 Ra8 22. Rfe1 b5 23. Bb3 Qd7 24. Ng5 Rfe8 25. Ne6 Nxe6 26. dxe6 Qc6 27. f3 a6 28. Rc1 Red8 29. Nd5 Nxd5 30. Rxc6 Bxc6 31. Bxd5 Bxd5 32. Bg5 Ra7 33. Rc1 Rb7 34. Rc2 1/2-1/2

[Event "Commonwealth-ch"]
[Site "New Delhi"]
[Date "2010.05.10"]
[Round "1"]
[White "Murshed, Niaz"]
[Black "Ashwini, Udhaya Suriyan"]
[Result "1-0"]
[WhiteElo "2426"]
[BlackElo "1838"]
[PlyCount "45"]
[EventDate "2010.05.10"]
[EventType "swiss"]
[EventRounds "11"]
[EventCountry "IND"]
[SourceTitle "CBM 136 Extra"]
[Source "ChessBase"]
[SourceDate "2010.07.02"]
[SourceVersion "2"]
[SourceVersionDate "2010.07.15"]
[SourceQuality "1"]

1. d4 Nf6 2. Nf3 c5 3. d5 b5 4. Bg5 d6 5. Bxf6 gxf6 6. e4 Qb6 7. Nbd2 Rg8 8. a4 Bd7 9. axb5 Bxb5 10. g3 Bh6 11. b3 a5 12. Bxb5+ Qxb5 13. Nc4 Nd7 14. Qd3 Qb7 15. 0-0 Qc7 16. Ra2 a4 17. Rxa4 Rxa4 18. bxa4 Nb6 19. Rb1 Nxc4 20. Qxc4 Kf8 21. Nh4 Bd2 22. Nf5 Ba5 23. Qa6 1-0

[Event "Commonwealth-ch"]
[Site "Nagpur"]
[Date "2008.10.03"]
[Round "7"]
[White "Atishay, Ajmera"]
[Black "Ashwini, Udhaya Suriyan"]
[Result "1-0"]
[WhiteElo "1931"]
[BlackElo "1693"]
[PlyCount "63"]
[EventDate "2008.09.28"]
[EventType "swiss"]
[EventRounds "11"]
[EventCountry "IND"]
[SourceTitle "CBM 126 Extra"]
[Source "ChessBase"]
[SourceDate "2008.11.05"]
[SourceVersion "1"]
[SourceVersionDate "2008.11.05"]
[SourceQuality "1"]

1. d4 d5 2. Nf3 Nf6 3. c4 dxc4 4. e3 e6 5. Bxc4 c5 6. 0-0 Nc6 7. Nc3 cxd4 8. exd4 Nb4 9. Bg5 Be7 10. Re1 0-0 11. Ne5 Nbd5 12. Bb3 h6 13. Bh4 a6 14. a3 Qe8 15. Bxd5 g5 16. Bxg5 hxg5 17. Bb3 b5 18. d5 exd5 19. Nxd5 Nxd5 20. Bxd5 Ra7 21. Qd4 Rc7 22. Ng6 Kh7 23. Nxf8+ Qxf8 24. Rad1 Bc5 25. Qe4+ Kg8 26. Qg6+ Kh8 27. Qh5+ Kg8 28. Qxg5+ Kh8 29. Re4 Rc6 30. Bxc6 Be7 31. Rh4+ Qh6 32. Rxh6# 1-0